Vzdelávanie Rómov - významný krok k riešeniu postavenia Rómov v spoločnosti
Faktická diskriminácia Rómov je problémom nielen Slovenskej republiky, ale celej Európskej únie. Odhadovaný počet Rómov na území EÚ. Monitoring dodržiavania práv rómskej národnostnej menšiny. Prioritnou oblasťou v riešení rómskej problematiky je oblasť vzdelávania Rómov. Vzdelávanie Rómov na Slovens...
Gespeichert in:
| 1. Verfasser: | |
|---|---|
| Format: | Buchkapitel |
| Sprache: | Slowakisch |
| Schlagworte: | |
| Tags: |
Keine Tags, Fügen Sie das erste Tag hinzu!
|
MARC
| LEADER | 00000naa$a2200000$$$4500 | ||
|---|---|---|---|
| 001 | 0052641 | ||
| 005 | 20240502071617.3 | ||
| 041 | 0 | |a slo | |
| 044 | |a SK | ||
| 245 | 1 | 0 | |a Vzdelávanie Rómov - významný krok k riešeniu postavenia Rómov v spoločnosti |c Soňa Brezníková |
| 520 | |a Faktická diskriminácia Rómov je problémom nielen Slovenskej republiky, ale celej Európskej únie. Odhadovaný počet Rómov na území EÚ. Monitoring dodržiavania práv rómskej národnostnej menšiny. Prioritnou oblasťou v riešení rómskej problematiky je oblasť vzdelávania Rómov. Vzdelávanie Rómov na Slovensku a jeho problémy. | ||
| 610 | 2 | 0 | |a menšiny národnostné |
| 610 | 2 | 0 | |a Rómovia |
| 610 | 2 | 0 | |a diskriminácia |
| 610 | 2 | 0 | |a vzdelávanie |
| 610 | 2 | 0 | |a Európska únia |
| 610 | 2 | 0 | |a Slovensko |
| 100 | 1 | |a Brezníková, Soňa | |